| 000 | 01406cam a2200373 i 4500 | ||
|---|---|---|---|
| 001 | 14785216 | ||
| 003 | EG-ScBUE | ||
| 005 | 20230622100417.0 | ||
| 008 | 070327t2008 nyub f b 001 0 eng d | ||
| 020 | _a0812968905 | ||
| 020 | _a9780812968903 | ||
| 040 |
_aDLC _beng _erda _cDLC _dDLC _dEG-ScBUE |
||
| 043 |
_ae------ _af------ |
||
| 082 | 0 | 4 |
_a909 _222 _bPAG |
| 100 | 1 |
_aPagden, Anthony, _eauthor. _922778 |
|
| 245 | 1 | 0 |
_aWorlds at war : _bthe 2,500-year struggle between east and west / _cAnthony Pagden. |
| 264 |
_aNew York : _bRandom House, _c[2008] |
||
| 264 | 4 | _cc2008 | |
| 300 |
_axxv, 625 pages : _bmaps ; _c25 cm |
||
| 336 |
_2rdacontent _atext _btxt |
||
| 337 |
_2rdamedia _aunmediated _bn |
||
| 338 |
_2rdacarrier _avolume _bnc |
||
| 504 | _aIncludes bibliographical references and index. | ||
| 650 | 7 |
_aEast and West. _2BUEsh _922779 |
|
| 650 | 7 |
_aCulture conflict _xHistory. _2BUEsh _922780 |
|
| 650 | 7 |
_aChristianity and other religions _xIslam _xHistory. _2BUEsh _922781 |
|
| 650 | 7 |
_aImperialism _xHistory. _2BUEsh _922782 |
|
| 651 | 7 |
_aEurope _xRelations _zIslamic countries. _2BUEsh _922783 |
|
| 651 | 7 |
_aIslamic countries _xRelations _zEurope. _2BUEsh _922784 |
|
| 655 | _vReading book | ||
| 856 | 4 | 1 |
_3Table of contents only _uhttp://www.loc.gov/catdir/toc/ecip0714/2007012878.html |
| 942 |
_2ddc _cBB |
||
| 999 |
_c15047 _d15047 |
||